| 000 | 00359nam a2200133Ia 4500 | ||
|---|---|---|---|
| 008 | 150201s2014 xx 000 0 und d | ||
| 082 |
_a612.015 _bB2011V |
||
| 100 | _aVASHUDEVAN ,DM | ||
| 245 | _aTEXT BOOK OF BIOCHEMISTRY FOR DENTAL STUDENTS | ||
| 250 | _a2ND | ||
| 260 | _bJAYPEE BROTHERS MEDICAL PUBLISHERS | ||
| 650 | _aBIOCHEMISTRY | ||
| 942 |
_2ddc _cBK _053 |
||
| 999 |
_c4819 _d4819 |
||